Statistics for Name the Country by City #1

Click here to take the quiz!

General Stats

  • This quiz has been taken 650 times
    (290 since last reset)
  • The average score is 17 of 20

Answer Stats

CityCountry% Correct
ParisFrance
100%
MadridSpain
100%
HanoiVietnam
94%
OsakaJapan
94%
GuangzhouChina
92%
MilwaukeeUnited States
92%
BuffaloUnited States
91%
DamascusSyria
91%
AlexandriaEgypt
91%
PretoriaSouth Africa
90%
KingstonJamaica
89%
La PazBolivia
85%
DresdenGermany
84%
BonnGermany
84%
MuscatOman
82%
BilbaoSpain
79%
InvernessUnited Kingdom
77%
BergenNorway
75%
AlmatyKazakhstan
61%
DammamSaudi Arabia
42%

Score Distribution

Percentile by Number Answered

Percent of People with Each Score

Your Score History

You have not taken this quiz since the last reset